European Countries Containing T - Statistics

General Stats
  • This quiz has been taken 109 times
    107 since last reset
  • The average score is 13 of 15
Answer Stats
Answer % Correct
Latvia
98%
Estonia
94%
Portugal
94%
Austria
92%
Switzerland
92%
Lithuania
91%
Vatican City
91%
Italy
90%
Netherlands
90%
United Kingdom
90%
Liechtenstein
89%
Malta
86%
Croatia
83%
Montenegro
83%
Turkey
79%
No matching quizzes found
Score Distribution
Percent of People with Each Score
Percentile by Number Answered
Your Score History
You have not taken this quiz since the last reset